| 000 | 00732nam a2200277Ia 4500 | ||
|---|---|---|---|
| 001 | Para_7846 | ||
| 003 | CHAP | ||
| 008 | 220125s9999 xx 000 0 und d | ||
| 010 | _a206795 | ||
| 040 | _cCHAP | ||
| 090 | _aD-31 | ||
| 110 |
_aAMIFAC _9173089 |
||
| 245 |
_aLa industria fitosanitaria y la agricultura en el nuevo milenio / _c por AMIFAC |
||
| 260 |
_aMéxico, D.F. : _b AMIFAC |
||
| 505 | _aVIDEOCASSETE VHS | ||
| 630 |
_aMATERIAL AUDIOVISUAL _9165241 |
||
| 650 |
_aAgricultura _91172 |
||
| 650 |
_aIndustrias agrícolas _957925 |
||
| 901 | _aD-31 | ||
| 902 | _aA | ||
| 905 | _a000000 0000000000 00 | ||
| 910 | _a | ||
| 942 | _cPARA | ||
| 942 |
_cPARA _d1 |
||
| 999 |
_c206795 _d206795 |
||